00282 a2200109 450000100060000008200170000610000140002324500520003726000250008930000160011461000420013086408 a623.7469 FAH aFahlstrom aIntroduction to Unmanned aerial vehicle systems aUKbJohn Wileyc2012 axxv, 280 p. aUAVbUn manned aerial vehicle systems